Normal view
MARC view
Entry Personal Name
001 - CONTROL NUMBER
- control field: 688
003 - CONTROL NUMBER IDENTIFIER
- control field: OSt
005 - DATE AND TIME OF LATEST TRANSACTION
- control field: 20140717150308.0
008 - FIXED-LENGTH DATA ELEMENTS
- fixed length control field: 140717|| aca||aabn | a|a d
040 ## - CATALOGING SOURCE
- Original cataloging agency: OSt
- Transcribing agency: OSt
100 ## - HEADING--PERSONAL NAME
- Personal name: Satzinger John W
670 ## - SOURCE DATA FOUND
- Source citation: Work cat.: (OSt): Satzinger John W, The Object-Oriented Approach concepts, System Development and Modeling wih UML /, 2001.
